Flags of Countries With the Highest Scrabble Score - Statistics

General Stats
  • This quiz has been taken 233 times
  • The average score is 22 of 24
Answer Stats
Picture Hint Answer % Correct
30 Kazakhstan
99%
24 Switzerland
98%
18 Jamaica
97%
17 Mexico
97%
17 Brazil
96%
20 Philippines
96%
30 Kyrgyzstan
95%
28 Azerbaijan
94%
17 Bangladesh
94%
22 Luxembourg
94%
21 Venezuela
94%
18 Afghanistan
93%
25 Uzbekistan
93%
19 Zambia
92%
34 Mozambique
91%
18 Turkmenistan
91%
26 Zimbabwe
91%
18 Liechtenstein
90%
18 Seychelles
89%
21 Tajikistan
88%
17 Tanzania
87%
17 Belize
86%
16 Madagascar
83%
18 Djibouti
81%
No matching quizzes found
Score Distribution
Percent of People with Each Score
Percentile by Number Answered
Your Score History
You have not taken this quiz